000 00389nam a2200157Ia 4500
008 210210b1995 xxu||||| |||| 00| 0 eng d
020 _a81 250 0526 9
082 _a820.2041 ELIP
100 _aELIAS (Mohammed)
245 _aPlays in one act
260 _aHyderabad
_bOrient Longman
_c1995
300 _avi,149
650 _aOne act play
690 _aEnglish Drama
906 _aSG03684
999 _c114610
_d114610